000
00255nam a2200109Ia 4500
008
220204s9999 xx 000 0 und d
082
_a
004
_b
NAT
100
_a
Natwar-Singh, K
245
0
_a
Curtain raisers
260
_a
New Delhi
_b
Vikas
_c
1984
942
_c
BK
999
_c
39042
_d
39042